Statistics for all Terraria crimson enemies

Click here to take the quiz!

General Stats

  • This quiz has been taken 4 times
  • The average score is 10 of 14

Answer Stats

Enemies% Correct
Blood crawler
100%
Brain of cthulhu
100%
crimslime
100%
face monster
100%
blood mummy
67%
crimera
67%
crimson axe
67%
crimson mimic
67%
floaty gross
67%
herpling
67%
ichor sticker
67%
blood feeder
33%
blood jelly
33%
crimson pigron
33%

Score Distribution

Percentile by Number Answered

Percent of People with Each Score

Your Score History

You have not taken this quiz